Carregant...

Natya nireekshanam /

Dades bibliogràfiques
Autor principal: Chndrasekharan
Format: Printed Book
Idioma:Malayalam
Publicat: 1986.
LEADER 00395nam a2200133Ia 4500
008 150624b xxu||||| |||| 00| | mal d
100 |a Chndrasekharan 
245 |c Chndrasekharan  |a Natya nireekshanam / 
260 |c 1986. 
300 |a 290 p. 
546 |a In Malayalam. 
942 |c BK 
999 |c 81731  |d 81731 
952 |0 0  |1 0  |4 0  |7 0  |9 81675  |a UL  |b UL  |c ST1  |d 1998-09-15  |l 2  |p 61332  |r 2016-01-29  |s 2016-01-13  |w 2012-10-27  |y BK